A text-book of inorganic chemistry Part 1 Cobalt: (Record no. 7963)
[ view plain ]
| 000 -LEADER | |
|---|---|
| fixed length control field | 00584nam a22001937a 4500 |
| 003 - CONTROL NUMBER IDENTIFIER | |
| control field | OSt |
| 005 - DATE AND TIME OF LATEST TRANSACTION | |
| control field | 20220809153821.0 |
| 008 - FIXED-LENGTH DATA ELEMENTS--GENERAL INFORMATION | |
| fixed length control field | 220809b ||||| |||| 00| 0 eng d |
| 020 ## - INTERNATIONAL STANDARD BOOK NUMBER | |
| International Standard Book Number | 9780530602257 |
| 040 ## - CATALOGING SOURCE | |
| Transcribing agency | DDC |
| 082 ## - DEWEY DECIMAL CLASSIFICATION NUMBER | |
| Classification number | 546 FRI 1920 |
| 100 ## - MAIN ENTRY--PERSONAL NAME | |
| Personal name | Friend, J. Newton |
| 9 (RLIN) | 16174 |
| 245 ## - TITLE STATEMENT | |
| Title | A text-book of inorganic chemistry Part 1 Cobalt: |
| Remainder of title | Nickel and the Elements of the Plantinum G. |
| 260 ## - PUBLICATION, DISTRIBUTION, ETC. (IMPRINT) | |
| Place of publication, distribution, etc. | Philadelphia: |
| Name of publisher, distributor, etc. | Charles Griffin and company; |
| Date of publication, distribution, etc. | 1920. |
| 300 ## - PHYSICAL DESCRIPTION | |
| Extent | xvii,367p.; |
| Dimensions | 24cm. |
| 504 ## - BIBLIOGRAPHY, ETC. NOTE | |
| Bibliography, etc | Includes Index. |
| 650 ## - SUBJECT ADDED ENTRY--TOPICAL TERM | |
| Topical term or geographic name as entry element | Inorganic chemistry. |
| 9 (RLIN) | 799 |
| 942 ## - ADDED ENTRY ELEMENTS (KOHA) | |
| Source of classification or shelving scheme | Dewey Decimal Classification |
| Koha item type | Book |
| Withdrawn status | Lost status | Source of classification or shelving scheme | Damaged status | Not for loan | Home library | Current library | Date acquired | Source of acquisition | Inventory number | Total Checkouts | Full call number | Barcode | Date last seen | Price effective from | Koha item type |
|---|---|---|---|---|---|---|---|---|---|---|---|---|---|---|---|
| Dewey Decimal Classification | MUST Main Library | MUST Main Library | 09/08/2022 | Purchase | 22/41817 | 546 FRI 1920 | 2022-7820 | 09/08/2022 | 09/08/2022 | Book | |||||
| Dewey Decimal Classification | MUST Main Library | MUST Main Library | 09/08/2022 | Purchase | 22/41815 | 546 FRI 1920 | 2022-7821 | 09/08/2022 | 09/08/2022 | Book | |||||
| Dewey Decimal Classification | MUST Main Library | MUST Main Library | 09/08/2022 | Purchase | 22/41816 | 546 FRI 1920 | 2022-7822 | 09/08/2022 | 09/08/2022 | Book | |||||
| Dewey Decimal Classification | MUST Main Library | MUST Main Library | 09/08/2022 | Purchase | 22/41818 | 546 FRI 1920 | 2022-7823 | 09/08/2022 | 09/08/2022 | Book |
